000 00581nam a22002057a 4500
005 20240807092428.0
008 161011b xxu||||| |||| 00| 0 spa d
020 _a9788415089889
041 _aESP
_aING
082 s _a813.3 P473ma
100 _aPoe, Edgar Allan
_92340
245 _aLa máscara de la muerte roja y otros relatos / The masque of the red death and other stories
260 _aEspaña
260 _bPlutón Ediciones
260 _c2015
300 _a160 páginas
650 _aLITERATURA ESTADOUNIDENSE
650 _aNOVELA ESTADOUNIDENSE
942 _cLIT
_2ddc
999 _c8535
_d8535